Madrid

Bibliographic Details
Main Author: Blažík, Tibor (Author)
Format: Article
Language:Slovak
PhysicalDescription:Obr. 7, tab. 1
Subjects:

MARC

LEADER 00000nab a2200000 a 4500
001 vtls000618981
003 SK-MaSNL
005 20260304094900.0
008 250425c1997 xo 0 slo
015 |a SNBRB19rr/mm-uuuuu 
035 |a CL0619120 
035 |a urn:nbn:sk:snk-ab2iz3 
035 |a (urnnbn)urn:nbn:sk:snk:ar-a02hgf 
035 |a (uuid)1fbf454c-7d9e-4c06-96b7-4a6a877e75bf 
040 |a SNKBUCL  |b slo  |c SNKBUCL  |e AACR2 
041 0 |a slo 
044 |a xo  |c SK 
080 |a 908.464.1  |2 1981 
100 1 |a Blažík, Tibor  |4 aut  |9 11593 
245 1 0 |a Madrid  |c Tibor Blažík 
300 |b Obr. 7, tab. 1 
651 7 |a Madrid (Španielsko)  |2 snkbucl  |9 16057 
655 7 |a články z novín a časopisov  |2 snkbucl  |9 267496 
773 0 |t Geografia  |g Roč. 5, č. 1 (1997), s. 14-17 
850 |a Slovenská národná knižnica 
852 |a Slovenská národná knižnica 
954 |a odborná, vedecká literatúra pôvodná (slovenská)  |2 lita 
958 |a article27 
958 |a ES 
958 |a RK 
958 |a OND 
958 |a EUIPO 
992 |a RBX 
999 |c 2829467  |d 2831397